आसन एवं योगमुद्रायें / (Record no. 67900)

MARC details
000 -LEADER
fixed length control field 00949 aa a2200217 4500
005 - DATE AND TIME OF LATEST TRANSACTION
control field 20120614111634.0
010 ## - LCCN (DPL NO)
LC control number
020 ## - INTERNATIONAL STANDARD BOOK NUMBER
Terms of availability 250.00
International Standard Book Number 8171243657
035 ## - SYSTEM CONTROL NUMBER
System control number B-155214
037 ## - SOURCE OF ACQUISITION
Source of stock number/acquisition pub
082 ## - DEWEY DECIMAL CLASSIFICATION NUMBER
Classification number 613.7046
100 ## - MAIN ENTRY--PERSONAL NAME
Personal name रविन्द्र प्रताप सिंह
245 ## - TITLE STATEMENT
Title आसन एवं योगमुद्रायें /
Statement of responsibility, etc रविन्द्र प्रताप सिंह
246 ## - VARYING FORM OF TITLE
Title proper/short title
Remainder of title
260 ## - PUBLICATION, DISTRIBUTION, ETC. (IMPRINT)
Place of publication, distribution, etc वाराणसी
Name of publisher, distributor, etc विश्वविद्यालय प्रकाशन
Date of publication, distribution, etc 2004
270 ## - ADDRESS
Address
City
Postal code
300 ## - PHYSICAL DESCRIPTION
Extent 190पृ
Dimensions 22 सेमी (सजिल्द)
Other physical details सचित्र
490 ## - SERIES STATEMENT
Series statement
-- 49033
942 ## - ADDED ENTRY ELEMENTS (KOHA)
Institution code [OBSOLETE] dpl
Item type Hindi Books
Call number prefix
Source of classification or shelving scheme Dewey Decimal Classification
Classification part 613.7046
Call number suffix रविन्द्र
Holdings
Withdrawn status Lost status Not for loan Collection code Home library Current library Date acquired Cost, normal purchase price Full call number Barcode Cost, replacement price Koha item type
      Non-fiction Sarojini Nagar Sarojini Nagar 14/06/2012 250.00 613.7046 रविन्द्र B-155214 250.00 Hindi Books

© Delhi Public Library
Hit Counter
free hit counter